000 01033nam a22002057a 4500
999 _c36222
_d36222
003 OSt
005 20251217165534.0
008 150408b xxu||||| |||| 00| 0 eng d
040 _cBMC
_aBMC
082 _a658.04
100 1 _949837
_aInteriano España, Mauricio Antonio
245 1 0 _aPasantía como asistente administrativo y community manager con apoyo al área de intermediación laboral en Fundación Salvador del Mundo (FUSALMO)
_b: informe final
_cMauricio Antonio Interiano España
260 _aSanta Ana (El Salvador)
_bUniversidad Católica de El Salvador
_c2025
300 _a1 v. (pág. var.)
_c28 cm
_e+ USB 4 gb, color negro con rojo
500 _aPrecede al tít.: Universidad Católica de El Salvador, Facultad de Ciencias Empresariales
502 _aTrabajo de graduación para optar al grado académico de Licenciatura en Mercadeo y Negocios Internacionales
650 2 4 _93341
_aGestión de empresas
710 2 _91067
_aUniversidad Católica de El Salvador
_bFacultad de Ciencias Empresariales
942 _2ddc
_cTG